Lakes by Countries - Statistics

General Stats
  • This quiz has been taken 21 times
  • The average score is 10 of 20
Answer Stats
Lake Name Answer % Correct
Baikal Russia
100%
Eyre Australia
88%
Argentino Argentina
86%
Galilee Israel
86%
Titicaca Peru/Bolivia
86%
Lucerne Switzerland
86%
Saimaa Finland
83%
Balaton Hungary
80%
IJsselmeer Netherlands
78%
Tahoe United States
78%
Athabasca Canada
75%
Lomond United Kingdom
75%
Nasser Egypt/Sudan
71%
Garda Italy
71%
Van Turkey
67%
Tegel Germany
63%
Toba Indonesia
50%
Neagh Ireland
50%
Balkhash Kazakhstan
33%
Vanern Sweden
29%
Tonle Sap Cambodia
25%
Vembanad India
25%
Biwa Japan
25%
Magadi Kenya
25%
Chapala Mexico
25%
Taupo New Zealand
25%
Issyk-Kul Kyrgyzstan
20%
Albert Uganda/DR Congo
20%
Rukwa Tanzania
14%
Taal Philippines
10%
Eau d'Heure Belgium
0%
Tana Ethiopia
0%
Izabal Guatemala
0%
Khovsgol Mongolia
0%
Jurong Singapore
0%
Kariba Zambia/Zimbabwe
0%
No matching quizzes found
Score Distribution
Percent of People with Each Score
Percentile by Number Answered
Your Score History
You have not taken this quiz